000 00677nam a2200217Ii 4500
003 JO-AjNU
008 230606s9999||||xx |||||||||||||| ||und||
020 _a978-0-19-566985-5/0-19-566985-1
040 _aJO-AjNU
_beng
_erda
_cJO-AjNU
041 _aeng
050 1 4 _aHF5548.2.2010
100 3 _aJaiswal,Mahadeo/Mital,Monika,
_eauthor
_9405
245 0 0 _aManagement Information Systems
250 _a11th ed
264 3 1 _aNEW DELHI: Oxford Univbrsity Press,2010
300 _a623p
_bIncludes indexes 613-623 p
336 _atext
_btxt
_2rdacontent
337 _aunmediated
_bn
_2rdamedia
338 _avolume
_bnc
_2rdacarrier
650 4 _aManagement Information Systems
_9406
999 _aE217
_c217
_d217